Remembered childhood : (Record no. 33677)
[ view plain ]
| 000 -LEADER | |
|---|---|
| fixed length control field | 01381nam a22003137a 4500 |
| 005 - DATE AND TIME OF LATEST TRANSACTION | |
| control field | 20100119150653.0 |
| 008 - FIXED-LENGTH DATA ELEMENTS--GENERAL INFORMATION | |
| fixed length control field | 100119t xxu||||| |||| 00| 0 eng d |
| 010 ## - LCCN (DPL NO) | |
| LC control number | ENG-95844 |
| 020 ## - INTERNATIONAL STANDARD BOOK NUMBER | |
| International Standard Book Number | 9780198064350 |
| Terms of availability | 595.00 |
| 020 ## - INTERNATIONAL STANDARD BOOK NUMBER | |
| International Standard Book Number | 0198064357 |
| Terms of availability | 595.00 |
| 037 ## - SOURCE OF ACQUISITION | |
| Source of stock number/acquisition | DBAD/PUB |
| 040 ## - CATALOGING SOURCE | |
| Original cataloging agency | DPL |
| Language of cataloging | eng |
| 082 ## - DEWEY DECIMAL CLASSIFICATION NUMBER | |
| Classification number | 361.3092 |
| Edition number | 22 |
| 245 ## - TITLE STATEMENT | |
| Title | Remembered childhood : |
| Remainder of title | essays in honour of André Béteille / |
| Statement of responsibility, etc | edited by Malavika Karlekar [and] Rudrangshu Mukherjee |
| 246 ## - VARYING FORM OF TITLE | |
| Title proper/short title | Childhood |
| 260 ## - PUBLICATION, DISTRIBUTION, ETC. (IMPRINT) | |
| Place of publication, distribution, etc | New Delhi |
| Name of publisher, distributor, etc | Oxford University Press |
| Date of publication, distribution, etc | 2010 |
| 270 ## - ADDRESS | |
| Address | YMCA Library Building, Jai Singh Road |
| City | New Delhi |
| Postal code | 110001 |
| 300 ## - PHYSICAL DESCRIPTION | |
| Extent | xvi, 219 p. : |
| Other physical details | ill. |
| Dimensions | 25 cm (Hb) |
| 520 ## - SUMMARY, ETC. | |
| Summary, etc | André Béteille, Indian sociologist and ethnologist; contributed articles honoring his childhood. |
| 600 ## - SUBJECT ADDED ENTRY--PERSONAL NAME | |
| Personal name | Béteille, André |
| General subdivision | Friends and associates |
| -- | Childhood and youth. |
| 650 ## - SUBJECT ADDED ENTRY--TOPICAL TERM | |
| Topical term or geographic name as entry element | Sociologists |
| Geographic subdivision | India |
| General subdivision | Childhood and youth. |
| 650 ## - SUBJECT ADDED ENTRY--TOPICAL TERM | |
| Topical term or geographic name as entry element | Ethnologists |
| Geographic subdivision | India |
| General subdivision | Childhood and youth. |
| 700 ## - ADDED ENTRY--PERSONAL NAME | |
| Personal name | Béteille, André |
| 700 ## - ADDED ENTRY--PERSONAL NAME | |
| Personal name | Karlekar, Malavika. |
| 700 ## - ADDED ENTRY--PERSONAL NAME | |
| Personal name | Mukherjee, Rudrangshu. |
| 942 ## - ADDED ENTRY ELEMENTS (KOHA) | |
| Source of classification or shelving scheme | Dewey Decimal Classification |
| Item type | English Books |
| Classification part | 361.3092 |
| Call number suffix | REM |
| Withdrawn status | Lost status | Source of classification or shelving scheme | Damaged status | Not for loan | Collection code | Home library | Current library | Date acquired | Source of acquisition | Cost, normal purchase price | Total Checkouts | Full call number | Barcode | Date last seen | Copy number | Cost, replacement price | Koha item type |
|---|---|---|---|---|---|---|---|---|---|---|---|---|---|---|---|---|---|
| Dewey Decimal Classification | Not For Loan | Non-fiction | D.B.Act.Division | D.B.Act.Division | 19/01/2010 | DBAD / PUB | 595.00 | 361.3092 REM | EN-79377 | 19/01/2010 | 1 | 595.00 | English Books |
